The Hồ Chí Minh Quiz - Statistics

General Stats
  • This quiz has been taken 9 times
  • The average score is 9 of 20
Answer Stats
Question Answer % Correct
What country was he from? Vietnam / France / French Indochina
100%
Where did he go to find a way to save the country? France
75%
What province did he pass away from? Hà Nội / Hanoi
75%
What year did he pass away? 1969
63%
How many siblings did he have? 3
63%
What year was he born? 1890
50%
What’s his mother’s full name? Hoàng Thị Loan / Hoang Thi Loan
50%
What province was he born from? Nghệ An / Nghe An
50%
What’s his actual full name? Nguyễn Sinh Cung / Nguyen Sinh Cung
50%
What’s his father’s full name? Nguyễn Sinh Sắc / Nguyen Sinh Sac
50%
What country was he jailed in before got released in 1943? China
38%
Following Confucian tradition, his father gave him a new name at the age of 10. What is the full name? Nguyễn Tất Thành /Nguyen Tat Thanh
38%
Before a province was named after him, what was the name of the province? Sài Gòn / Saigon
38%
What’s his spouse’s full name? Tăng Tuyết Minh /Tang Tuyet Minh
38%
In what year, did he go out to find a way to save the country? 1911
25%
When was he president of the country? 1945
25%
Fill in the blanks: From 1912 to 1913, he may have lived in New York, where he claimed to worked as a _____ at the Parker House Hotel. Baker
25%
In 1941, Hồ Chí Minh returned to Vietnam to lead the Việt Minh independence movement. At that time, what country occupied Vietnam? Japan
25%
Fill in the blanks again: At various points from 1913 to 1919, he claimed to have in West Ealing and later in Crouch End, Hornsey in _____________. United Kingdom
25%
Where is his resting place? Hồ Chí Minh Mausoleum / Ho Chi Minh Mausoleum
13%
No matching quizzes found
Score Distribution
Percent of People with Each Score
Percentile by Number Answered
Your Score History
You have not taken this quiz